| 000 | 00500nam a2200181 4500 | ||
|---|---|---|---|
| 003 | LK-CoDNM | ||
| 005 | 20240202151818.0 | ||
| 008 | 240202b |||||||| |||| 00| 0 eng d | ||
| 020 | _a9786240015844 | ||
| 040 |
_aLK-CoDNM _dLK-CoDNM _eLK-CoDNM |
||
| 041 | _asin | ||
| 080 |
_aX8C31 _bTHE |
||
| 100 | _aතෙන්නකෝන්,ධර්මරත්න | ||
| 245 | _aප්රදාලනය | ||
| 260 |
_aColombo _bS.Godage Saha Sahodarayo _c2023 |
||
| 300 | _a158p.,21cm | ||
| 942 |
_n0 _cBK |
||
| 999 |
_c144853 _d144853 |
||